Giáo trình lý luận chung về Nhà nước và Pháp luật
Αποθηκεύτηκε σε:
| Μορφή: | Βιβλίο |
|---|---|
| Έκδοση: |
Đại học Quốc gia Hà Nội
2001
|
| Ετικέτες: |
Προσθήκη ετικέτας
Δεν υπάρχουν, Καταχωρήστε ετικέτα πρώτοι!
|
| Thư viện lưu trữ: | Mạng thư viện Đại học Đà Nẵng |
|---|
| LEADER | 00584nam a2200217 a 4500 | ||
|---|---|---|---|
| 001 | 000029752 | ||
| 003 | 13911 | ||
| 005 | 20171030145630.0 | ||
| 008 | 171030s2001 | ||
| 020 | |c 47000 | ||
| 040 | |a LTT | ||
| 082 | 0 | |a 340.1 |b Gi-T | |
| 245 | 0 | 0 | |a Giáo trình lý luận chung về Nhà nước và Pháp luật |c Nguyễn Cửu Việt chủ biên. |
| 260 | |b Đại học Quốc gia Hà Nội |c 2001 | ||
| OWN | |a LTT | ||
| 999 | |a From the UDN01 | ||
| TYP | |a Monograph | ||
| TYP | |a Printed language | ||
| 980 | |a Mạng thư viện Đại học Đà Nẵng | ||